| 000 | 00369nam a2200145Ia 4500 | ||
|---|---|---|---|
| 005 | 20240821155119.0 | ||
| 008 | 240821s9999||||xx |||||||||||||| ||und|| | ||
| 082 | _a301.20954 CHA | ||
| 100 | _aChattopadhyay, Kamaladevi | ||
| 245 | 0 | _aTribalism in India | |
| 260 |
_aNew Delhi _bVikas _c1978 |
||
| 300 | _a302p | ||
| 650 | _aCULTURE/CULTURAL ANTHROPOLOGY | ||
| 942 | _cBK | ||
| 999 |
_c98119 _d98119 |
||